دور الغزالى فى تطوير منهج علم الكلام من خلال كتابه "الاقتصاد فى الاعتقاد" /
Saved in:
| 主要作者: | |
|---|---|
| 其他作者: | |
| 格式: | Thesis |
| 语言: | Arabic |
| 出版: |
Gombak, Selangor :
al-Jami'ah al-Islamiyah al-'Alamiyah Maliziya,
2003
|
| 主题: | |
| 标签: |
添加标签
没有标签, 成为第一个标记此记录!
|
| LEADER | 021780000a22003850004500 | ||
|---|---|---|---|
| 001 | 289819 | ||
| 005 | 20090824124300.0 | ||
| 008 | 031029s2003 my g 000 0dara d | ||
| 035 | |a (Sirsi) 289819 | ||
| 040 | |a UIAM |b eng | ||
| 041 | 0 | |a ara | |
| 049 | |b m | ||
| 050 | 0 | 0 | |a BP166.G411 |
| 100 | 1 | |a صلاح الدين، هنرى | |
| 242 | 1 | 0 | |a Dawr al Ghazzali fi tatwir manhaj 'ilm al-kalam min khilal kitabihi "al-Iqtisad fi al-i'tiqad" |
| 245 | 1 | 0 | |a دور الغزالى فى تطوير منهج علم الكلام من خلال كتابه "الاقتصاد فى الاعتقاد" / |c اعداد هنرى صلاح الدين |
| 260 | |a Gombak, Selangor : |b al-Jami'ah al-Islamiyah al-'Alamiyah Maliziya, |c 2003 | ||
| 300 | |a 110 leaves ; |c 31 cm. | ||
| 500 | |a Abstracts in Arabic and English | ||
| 502 | |a "... for the degree of Master of Islamic Revealed Knowledge and Heritage (Usul al-Din and Comparative Religion)"--Approval page | ||
| 502 | |a Thesis (MIRKH)--International Islamic University Malaysia, 2003 | ||
| 530 | |a Also available on 3 1/2 in computer disk. | ||
| 596 | |a 1 | ||
| 600 | 1 | 0 | |a Ghazzali, |d 1058-1111 |x Theology |
| 650 | 0 | |a Theology, Islamic | |
| 655 | 0 | 7 | |a Theses, IIUM local |
| 690 | 0 | |a Dissertations, Academic |x Department of Usul al-Din and Comparative Religion |z IIUM | |
| 700 | 1 | |a Salahuddin, Henri | |
| 730 | 0 | |a Dawr al Ghazzali fi tatwir manhaj 'ilm al-kalam min khilal kitabihi "al-Iqtisad fi al-i'tiqad" (Computer file) | |
| 900 | |a ami | ||
| 999 | |c 432409 |d 463756 | ||
| 952 | |0 0 |6 LU T BP 166 G411I S159D 2003 |7 0 |8 THESES |9 754725 |a IIUM |b IIUM |c CLOSEACCES |g 0.00 |o lu t BP 166 G411I S159D 2003 |p 00000901880 |r 2017-10-24 |t 1 |v 0.00 |y THESIS | ||
| 952 | |0 0 |6 LU T BP 166 G411I S159D 2003 |7 0 |8 THESES |9 754726 |a IIUM |b IIUM |c CLOSEACCES |g 0.00 |o lu t BP 166 G411I S159D 2003 |p 00011275364 |r 2017-10-24 |t 2 |v 0.00 |y THESIS | ||
| 952 | |0 0 |6 T BP 166 G411I S159D 2003 |7 0 |8 THESES |9 755331 |a IIUM |b IIUM |c MULTIMEDIA |g 0.00 |o t BP 166 G411I S159D 2003 |p 00000901879 |r 2017-10-17 |t 1 |v 0.00 |y THESIS | ||
| 952 | |0 0 |6 TS DK BP166G411IS159D 2003 |7 0 |8 THESES |9 816408 |a IIUM |b IIUM |c MULTIMEDIA |g 0.00 |o ts dk BP166G411IS159D 2003 |p 00000907013 |r 2017-11-17 |t 1 |v 0.00 |y THESISDIG | ||
